Biskupa vyčkávali od rána do večera preklad knižky doktora Wicka - Veľkopanské návštevy v Košiciach

Bibliographic Details
Main Author: Wick, Vojtech, 1873-1955 (Author)
Other Authors: Duchoň, Jozef (Translator), Duchoňová, Alžbeta (Translator)
Format: Article
Language:Slovak
Hungarian
PhysicalDescription:4 foto
Subjects:

MARC

LEADER 00000nab a2200000 a 4500
001 vtls000931736
003 SK-MaSNL
005 20260303035002.0
008 040720e20031017xo 0 slo
035 |a KE40613 
040 |a KEVKJB  |b slo  |c KEVKJB  |e AACR2 
041 1 |h hun 
044 |a xo  |c SK 
080 |a 943.767.1  |2 1981 
100 1 |a Wick, Vojtech,  |d 1873-1955  |4 aut  |9 196998 
245 1 0 |a Biskupa vyčkávali od rána do večera  |b preklad knižky doktora Wicka - Veľkopanské návštevy v Košiciach 
300 |b 4 foto 
590 |a Esterházy, Karol 1725-1799  |b jágerský biskup, gróf 
600 1 7 |a Esterházy, Karol 1725-1799  |2 KEVKJB  |9 1021133 
650 0 7 |a dejiny  |2 KEVKJB  |9 3825 
650 0 7 |a návštevy  |2 KEVKJB  |9 726269 
650 0 7 |a Veľkopanské návštevy v Košiciach (kniha)  |2 KEVKJB  |9 1019706 
651 7 |a Košice (Slovensko)  |2 KEVKJB  |9 18694 
651 7 |a KE,  |2 KEVKJB  |9 877256 
655 7 |a periodikum  |2 snkbucl  |9 29553 
700 1 |a Duchoň, Jozef  |4 trl  |9 317656 
700 1 |a Duchoňová, Alžbeta  |4 trl  |9 883336 
773 0 8 |t Košický večer  |g Roč. 14  |g Roč. 35, 17.10.2003, s. 5 
852 |a ZVYKNI  |b KIS3GCP 
999 |c 1675633  |d 1677563